Historia de San Luis Potosí : bajo el dominio español /

Historia del estado de San Luis Potosí, dividida en cuatro tomos. Correspondiente al período virreinal, el segundo tomo abarca el lapso comprendido entre fines del siglo XVI y fines del siglo XVIII.

Guardado en:
Detalles Bibliográficos
Autor principal: Velázquez, Primo Feliciano (autor)
Formato: Libro
Idioma:Español
Colección:(Historia de San Luis Potosí ; 2)
Temas:
Etiquetas: Agrega una etiqueta
Sin etiquetas, Sé el primero en etiquetar este registro!

MARC

LEADER 00000nam^a2200000^a^4500
001 000105881
005 20250521000000.0
009 20260310093516.576
037 |a Acervo ITESO - Biblioteca 
041 |a ESP 
082 |a 972. 44  |b VEL V. 2 
100 |a Velázquez, Primo Feliciano  |e (autor) 
240 1 1 |a [Historia de San Luis Potosí] 
245 1 0 |a Historia de San Luis Potosí :  |b bajo el dominio español /  |c P.F. Velázquez. 
264 |a México :  |b Sociedad Mexicana de Geografía y Estadística,  |c 1947 
300 |a XVI, 667 p. 
336 |a texto  |b txt  |2 rdacontenido 
337 |a sin mediación  |b n  |2 rdamedio 
338 |a volumen  |b nc  |2 rdasoporte 
440 1 |a (Historia de San Luis Potosí ;  |v 2) 
520 |a Historia del estado de San Luis Potosí, dividida en cuatro tomos. Correspondiente al período virreinal, el segundo tomo abarca el lapso comprendido entre fines del siglo XVI y fines del siglo XVIII. 
649 |a XX 
650 |a San Luis Potosí -  |x Historia -  |y Virreinato, 1535-1821 
650 |a San Luis Potosí -  |x Historia -  |y Epoca Colonial, 1517-1821 
650 |a México -  |x Historia -  |y Virreinato, 1535-1821 
650 |a México -  |x Historia -  |y Epoca Colonial, 1517-1821 
910 |a Fondo Jesús Rodríguez 
920 |a Impresos - Libros 
930 |a Fondos Especiales 
905 |a 113 
901 |a 0500042014  |b IT2  |c ESP  |u 20250521 
902 |a https://opac.biblio.iteso.mx/vufind/Record/000105881